header

Chronic otitis media (Record no. 113830)

MARC details
000 -LEADER
fixed length control field 01355nam a2200313 a 4500
245 00 - TITLE STATEMENT
Title Chronic otitis media
260 ## - PUBLICATION, DISTRIBUTION, ETC. (IMPRINT)
Place of publication The Hauge, The Netherlands :
Name of publisher Kugler Publications,
Year of publication 2008.
300 ## - PHYSICAL DESCRIPTION
Number of Pages vi, 354 p. :
Other physical details ill., ports.
505 0# - FORMATTED CONTENTS NOTE
Formatted contents note pt. 1. Etto-pathogenesis of chronic otitis media : parameters -- pt. 2. Pathogenesis oriented therapeutic management of chronic otitis media.
650 #0 - SUBJECT ADDED ENTRY--TOPICAL TERM
Topical Term Otitis media.
Topical Term Middle ear
700 1# - ADDED ENTRY--PERSONAL NAME
Personal name Ars, B.
856 40 - ELECTRONIC LOCATION AND ACCESS
Uniform Resource Identifier http://site.ebrary.com/lib/rucke/Doc?id=10505640

No items available.

© 2026 Rongo University
Contact us: librarian | system librarian | Rongo university